Science for Everyone (Record no. 25907)

MARC details
000 -LEADER
fixed length control field 00404nam a2200169Ia 4500
008 - FIXED-LENGTH DATA ELEMENTS--GENERAL INFORMATION
fixed length control field 090122s9999 xx 000 0 und d
082 ## - DEWEY DECIMAL CLASSIFICATION NUMBER
Item number 1829
Classification number 500
100 ## - MAIN ENTRY--PERSONAL NAME
Personal name Zeluin
Numeration G
245 ## - TITLE STATEMENT
Title Science for Everyone
260 ## - PUBLICATION, DISTRIBUTION, ETC. (IMPRINT)
Name of publisher, distributor, etc "Mir Publishers, Mosow"
Date of publication, distribution, etc 1986
300 ## - PHYSICAL DESCRIPTION
Extent 151
600 ## - SUBJECT ADDED ENTRY--PERSONAL NAME
Personal name Zeluin
630 ## - SUBJECT ADDED ENTRY--UNIFORM TITLE
Uniform title Science for Everyone
700 ## - ADDED ENTRY--PERSONAL NAME
Personal name Zeluin
730 ## - ADDED ENTRY--UNIFORM TITLE
Uniform title Science for Everyone
942 ## - ADDED ENTRY ELEMENTS (KOHA)
Koha item type Book
Holdings
Withdrawn status Lost status Damaged status Not for loan Home library Current library Date acquired Cost, normal purchase price Total Checkouts Full call number Barcode Date last seen Copy number Cost, replacement price Price effective from Koha item type
        Dombivali Granthasangrahalaya, Dombivali Dombivali Granthasangrahalaya, Dombivali 01/22/2009 5.25   1829 DOM-1829 01/22/2009 1 5.25 01/22/2009 Book